Movies Quiz

Random Movies or Oscar Quiz

'L' Surname Oscar Winners (Slideshow) Quiz Stats

 Plays Quiz not verified by Sporcle

Score 0/14 Timer 07:00
0 Plays Today
% Correct
Heath Ledger
97.5%
Jennifer Lawrence
93.7%
Vivien Leigh
86.8%
Jared Leto
81.4%
Jessica Lange
76.3%
Sophia Loren
73.9%
Jack Lemmon
71.1%
% Correct
Brie Larson
67%
Burt Lancaster
66.1%
Martin Landau
63.8%
Melissa Leo
56.8%
Cloris Leachman
55%
Charles Laughton
43.7%
Paul Lukas
24.9%

You're not logged in!

Compare scores with friends on all Sporcle quizzes.
OR
Log In

Sporcle TV

Today on Sporcle TV


Watch our educational content, quiz creation guides, and fun videos on Sporcle TV.

Show Comments

Extras

Top Quizzes Today


Score Distribution

Your Account Isn't Verified!

In order to create a playlist on Sporcle, you need to verify the email address you used during registration. Go to your Sporcle Settings to finish the process.

Report this User

Report this user for behavior that violates our Community Guidelines.

Details: